LDR 01108nam a2200217 4500 001 000000367432 003 CaOOAMICUS 005 20260424104225.0 008 260424s1869 it 000 u ita r 040 $aSeMil$bita 100 1 $aCeriani, Antonio Maria,$c
.$0(OLS)http://semarc/name/3120 245 13$aLe edizioni e i manoscritti delle versioni siriache del Vecchio Testamento /$cmemoria dell'abate Antonio Ceriani. 264 1$aMilano :$bBernardoni,$c1869. 300 $a28 p. ;$c29 cm 500 $aEstratto da: Memorie del R. Istituto Lombardo di Scienze e Lettere, vol. 11., 2. della Serie 3. - [Memoria] Letta nelle adunanze del 7 gennajo, 18 febbrajo e 4 marzo 1869 650 4$aBibbia - AT - Versioni siriache.$0(OLS)http://semarc/subject/8268 850 $aSeMil 852 $aSeMil$W1$xVenegono$y1$m5D XI 28/37$j270857$B258129$CSeMilBibl$Z2$F258129 $8I 996 $6245$aLe edizioni e i manoscritti delle versioni siriache del Vecchio Testamento$9(OLS)http://semarc/title/459362 996 $6264$aMilano :$bBernardoni$9(OLS)http://semarc/publisher/40010